000 00356 a2200109 4500
001 ART_38097
005 20260410161738.0
008 260409a
245 1 0 _aReconocimiento y régimen de las "deudas de valor" en el Código Civil y Comercial
100 1 _aFormaro, Juan J.
773 0 _tDoctrina laboral
_g- Nº 360 (ago. 2015)
_wREV4049
999 _c18510
_d18510